|
|
|
|
| LEADER |
00000nam a22000007a 4500 |
| 005 |
20220214223445.0 |
| 007 |
cr|||| ||| |
| 008 |
220214s2014 co |||||s|||| 00||0 spa d |
| 020 |
|
|
|a 978-958-771-090-8
|
| 035 |
|
|
|a 35802
|
| 040 |
|
|
|a vLex
|
| 090 |
|
|
|c 12991
|d 12991
|
| 100 |
1 |
|
|a Cuesta Santos, Armando
|
| 245 |
1 |
0 |
|a Indicadores de gestin̤ humana y del conocimiento en la empresa
|h [Recurso electrn̤ico] /
|c Armando Cuesta Santos, Marino Valencia Rodrg̕uez
|
| 256 |
|
|
|a Servicio en ln̕ea
|
| 260 |
|
|
|a Bogot:̀
|b ECOE,
|c 2014
|
| 300 |
|
|
|a 1 recurso electrn̤ico
|
| 500 |
|
|
|a Esta obra contribuye a que el gestor o consultor empresarial evidencie la “mejora del desempeǫ empresarial” mediante los contrastes de indicadores “antes” y “despuš” de la introduccin̤ de medidas o acciones para el mejoramiento empresarial, especf̕icamente relacionadas con la Gestin̤ Humana y del Conocimiento (GHyC). Es un texto que gua̕ al lector para identificar los procesos de gestin̤ humana claves de medicin̤, as ̕como para establecer parm̀etros de medicin̤ y evaluacin̤ de los procesos de la gestin̤ humana; ya sea a travš de variables cualitativas o cuantitativas que permitan verificar la situacin̤ generada entre un punto de control y la meta establecida (unidades, series, estads̕ticas, porcentajes…).
|
| 506 |
1 |
|
|a Disponible solo en los productos indicados
|d vLex Global
|d vLex Global (Academic Edition, excluding Law Schools)
|d vLex Global (U.S. Academic Edition, Law Schools)
|d vLex Global (U.S. Academic Edition, excluding Law Schools)
|d vLex Global (Academic Edition, Law Schools)
|
| 650 |
0 |
4 |
|a Derecho Laboral y Seguridad Social
|z Colombia
|
| 650 |
0 |
4 |
|a Formacin̤
|z Colombia
|
| 700 |
1 |
|
|a Valencia Rodrg̕uez, Marino
|
| 740 |
0 |
|
|a vLex Libros (Servicio en ln̕ea)
|
| 856 |
4 |
0 |
|u https://app.vlex.com/#/sources/35802
|z Acceso restringido
|
| 942 |
|
|
|c BOOK
|
| 999 |
0 |
|
|a Labor Law and Social Security
|
| 999 |
0 |
|
|a Training
|